<?xml version="1.0" encoding="UTF-8"?>
<record
    xmlns:xsi="http://www.w3.org/2001/XMLSchema-instance"
    xsi:schemaLocation="http://www.loc.gov/MARC21/slim http://www.loc.gov/standards/marcxml/schema/MARC21slim.xsd"
    xmlns="http://www.loc.gov/MARC21/slim">

  <leader>00848nam a22002417a 4500</leader>
  <controlfield tag="003">UA-OsUOA</controlfield>
  <controlfield tag="001"> 25417 </controlfield>
  <controlfield tag="007">ta</controlfield>
  <controlfield tag="008">20040408b un ||||| |||| 00| 0 ukr d</controlfield>
  <datafield tag="090" ind1=" " ind2=" ">
    <subfield code="a">34(094):349.4(477)</subfield>
    <subfield code="b">&#x423;45</subfield>
  </datafield>
  <datafield tag="942" ind1=" " ind2=" ">
    <subfield code="c">BK</subfield>
  </datafield>
  <datafield tag="040" ind1=" " ind2=" ">
    <subfield code="a">UA-OsUOA</subfield>
    <subfield code="b">ukr</subfield>
    <subfield code="c">UA-OsUOA</subfield>
    <subfield code="d">UA-OsUOA</subfield>
  </datafield>
  <datafield tag="245" ind1=" " ind2=" ">
    <subfield code="a">&#x417;&#x435;&#x43C;&#x435;&#x43B;&#x44C;&#x43D;&#x438;&#x439; &#x41A;&#x43E;&#x434;&#x435;&#x43A;&#x441; &#x423;&#x43A;&#x440;&#x430;&#x457;&#x43D;&#x438;. &#x417;&#x430;&#x43A;&#x43E;&#x43D; &#x43F;&#x440;&#x43E; &#x444;&#x43E;&#x440;&#x43C;&#x438; &#x432;&#x43B;&#x430;&#x441;&#x43D;&#x43E;&#x441;&#x442;&#x456; &#x43D;&#x430; &#x437;&#x435;&#x43C;&#x43B;&#x44E;. &#x417;&#x430;&#x43A;&#x43E;&#x43D; &#x43F;&#x440;&#x43E; &#x43F;&#x43B;&#x430;&#x442;&#x443; &#x437;&#x430; &#x437;&#x435;&#x43C;&#x43B;&#x44E;. &#x414;&#x435;&#x43A;&#x440;&#x435;&#x442; &#x43F;&#x440;&#x43E; &#x43F;&#x440;&#x438;&#x432;&#x430;&#x442;&#x438;&#x437;&#x456;&#x446;&#x456;&#x44E; &#x437;&#x435;&#x43C;&#x435;&#x43B;&#x44C;&#x43D;&#x438;&#x445; &#x434;&#x430;&#x43B;&#x44F;&#x43D;&#x43E;&#x43A;</subfield>
    <subfield code="c">&#x420;&#x435;&#x434;. &#x421;.&#x419;&#x43E;&#x432;&#x43D;&#x430;</subfield>
  </datafield>
  <datafield tag="300" ind1=" " ind2=" ">
    <subfield code="a">124 &#x441;.</subfield>
  </datafield>
  <datafield tag="955" ind1=" " ind2=" ">
    <subfield code="a">0</subfield>
  </datafield>
  <datafield tag="041" ind1=" " ind2=" ">
    <subfield code="a">ukr</subfield>
  </datafield>
  <datafield tag="080" ind1=" " ind2=" ">
    <subfield code="a">34(094):349.4(477)</subfield>
  </datafield>
  <datafield tag="020" ind1=" " ind2=" ">
    <subfield code="a">966-7231-06-2</subfield>
  </datafield>
  <datafield tag="260" ind1=" " ind2=" ">
    <subfield code="a">&#x423;&#x436;&#x433;&#x43E;&#x440;&#x43E;&#x434;</subfield>
    <subfield code="b">&#x406;&#x43D;&#x444;&#x43E;&#x440;&#x43C;&#x430;&#x446;&#x456;&#x439;&#x43D;&#x43E;-&#x432;&#x438;&#x434;&#x430;&#x432;&#x43D;&#x438;&#x447;&#x435; &#x430;&#x433;&#x435;&#x43D;&#x441;&#x442;&#x432;&#x43E; "&#x406;&#x432;&#x430;"</subfield>
    <subfield code="c">1997</subfield>
  </datafield>
  <datafield tag="044" ind1=" " ind2=" ">
    <subfield code="a">UA</subfield>
  </datafield>
  <datafield tag="650" ind1=" " ind2="7">
    <subfield code="2">UDC</subfield>
  </datafield>
  <datafield tag="999" ind1=" " ind2=" ">
    <subfield code="c">311712</subfield>
    <subfield code="d">311712</subfield>
  </datafield>
  <datafield tag="952" ind1=" " ind2=" ">
    <subfield code="0">0</subfield>
    <subfield code="1">0</subfield>
    <subfield code="2">udc</subfield>
    <subfield code="4">0</subfield>
    <subfield code="7">0</subfield>
    <subfield code="a">102</subfield>
    <subfield code="b">102</subfield>
    <subfield code="d">2004-04-08</subfield>
    <subfield code="g">17.40</subfield>
    <subfield code="i">67269</subfield>
    <subfield code="l">0</subfield>
    <subfield code="o">34(094):349.4(477) &#x423;45</subfield>
    <subfield code="p">67269</subfield>
    <subfield code="r">2022-02-09 00:00:00</subfield>
    <subfield code="w">2004-04-08</subfield>
    <subfield code="y">BK</subfield>
  </datafield>
  <datafield tag="952" ind1=" " ind2=" ">
    <subfield code="0">0</subfield>
    <subfield code="1">0</subfield>
    <subfield code="2">udc</subfield>
    <subfield code="4">0</subfield>
    <subfield code="7">0</subfield>
    <subfield code="a">102</subfield>
    <subfield code="b">102</subfield>
    <subfield code="d">2004-04-08</subfield>
    <subfield code="g">17.40</subfield>
    <subfield code="i">67270</subfield>
    <subfield code="l">0</subfield>
    <subfield code="o">34(094):349.4(477) &#x423;45</subfield>
    <subfield code="p">67270</subfield>
    <subfield code="r">2022-02-09 00:00:00</subfield>
    <subfield code="w">2004-04-08</subfield>
    <subfield code="y">BK</subfield>
  </datafield>
  <datafield tag="952" ind1=" " ind2=" ">
    <subfield code="0">0</subfield>
    <subfield code="1">0</subfield>
    <subfield code="2">udc</subfield>
    <subfield code="4">0</subfield>
    <subfield code="7">0</subfield>
    <subfield code="a">102</subfield>
    <subfield code="b">102</subfield>
    <subfield code="d">2004-04-08</subfield>
    <subfield code="g">6.00</subfield>
    <subfield code="i">67271</subfield>
    <subfield code="l">0</subfield>
    <subfield code="o">34(094):349.4(477) &#x423;45</subfield>
    <subfield code="p">67271</subfield>
    <subfield code="r">2022-02-09 00:00:00</subfield>
    <subfield code="w">2004-04-08</subfield>
    <subfield code="y">BK</subfield>
  </datafield>
  <datafield tag="952" ind1=" " ind2=" ">
    <subfield code="0">0</subfield>
    <subfield code="1">0</subfield>
    <subfield code="2">udc</subfield>
    <subfield code="4">0</subfield>
    <subfield code="7">0</subfield>
    <subfield code="a">102</subfield>
    <subfield code="b">102</subfield>
    <subfield code="d">2004-04-08</subfield>
    <subfield code="g">6.00</subfield>
    <subfield code="i">67272</subfield>
    <subfield code="l">0</subfield>
    <subfield code="o">34(094):349.4(477) &#x423;45</subfield>
    <subfield code="p">67272</subfield>
    <subfield code="r">2022-02-09 00:00:00</subfield>
    <subfield code="w">2004-04-08</subfield>
    <subfield code="y">BK</subfield>
  </datafield>
  <datafield tag="952" ind1=" " ind2=" ">
    <subfield code="0">0</subfield>
    <subfield code="1">0</subfield>
    <subfield code="2">udc</subfield>
    <subfield code="4">0</subfield>
    <subfield code="7">0</subfield>
    <subfield code="a">102</subfield>
    <subfield code="b">102</subfield>
    <subfield code="d">2004-04-08</subfield>
    <subfield code="g">19.33</subfield>
    <subfield code="i">67273</subfield>
    <subfield code="l">0</subfield>
    <subfield code="o">34(094):349.4(477) &#x423;45</subfield>
    <subfield code="p">67273</subfield>
    <subfield code="r">2022-02-09 00:00:00</subfield>
    <subfield code="w">2004-04-08</subfield>
    <subfield code="y">BK</subfield>
  </datafield>
  <datafield tag="952" ind1=" " ind2=" ">
    <subfield code="0">0</subfield>
    <subfield code="1">0</subfield>
    <subfield code="2">udc</subfield>
    <subfield code="4">0</subfield>
    <subfield code="7">0</subfield>
    <subfield code="a">102</subfield>
    <subfield code="b">102</subfield>
    <subfield code="d">2004-04-08</subfield>
    <subfield code="g">19.33</subfield>
    <subfield code="i">67275</subfield>
    <subfield code="l">0</subfield>
    <subfield code="o">34(094):349.4(477) &#x423;45</subfield>
    <subfield code="p">67275</subfield>
    <subfield code="r">2022-02-09 00:00:00</subfield>
    <subfield code="w">2004-04-08</subfield>
    <subfield code="y">BK</subfield>
  </datafield>
  <datafield tag="952" ind1=" " ind2=" ">
    <subfield code="0">0</subfield>
    <subfield code="1">0</subfield>
    <subfield code="2">udc</subfield>
    <subfield code="4">0</subfield>
    <subfield code="7">0</subfield>
    <subfield code="a">102</subfield>
    <subfield code="b">102</subfield>
    <subfield code="d">2004-04-08</subfield>
    <subfield code="g">19.33</subfield>
    <subfield code="i">67276</subfield>
    <subfield code="l">0</subfield>
    <subfield code="o">34(094):349.4(477) &#x423;45</subfield>
    <subfield code="p">67276</subfield>
    <subfield code="r">2022-02-09 00:00:00</subfield>
    <subfield code="w">2004-04-08</subfield>
    <subfield code="y">BK</subfield>
  </datafield>
</record>
